CAAV tenanted farms survey 2007 (Record no. 81088)

MARC details
000 -LEADER
fixed length control field 00823cab a22001935a 4500
001 - CONTROL NUMBER
control field L146216
008 - FIXED-LENGTH DATA ELEMENTS--GENERAL INFORMATION
fixed length control field 081216s2008 xxk f s 000 0 eng d
035 ## - SYSTEM CONTROL NUMBER
System control number (Sirsi) u146216
041 0# - LANGUAGE CODE
Language code of text/sound track or separate title eng
110 2# - MAIN ENTRY--CORPORATE NAME
Corporate name or jurisdiction name as entry element Central Association of Agricultural Valuers
245 00 - TITLE STATEMENT
Title CAAV tenanted farms survey 2007
260 ## - PUBLICATION, DISTRIBUTION, ETC.
Date of publication, distribution, etc. 2008
490 ## - SERIES STATEMENT
Series statement Farmland Market
Volume/sequential designation (70) Winter 2008, 31(1)
520 ## - SUMMARY, ETC.
Summary, etc. The 31st annual Tenanted Farms Survey of the Central Association of Agricultural Valuers provides a range of key indicators on the tenanted sector, commentary on agricultural tenancies in general and also introduces some information on key indicators for the first six months of 2008.
590 ## - LOCAL NOTE (RLIN)
Local note KA
651 #4 - SUBJECT ADDED ENTRY--GEOGRAPHIC NAME
Geographic name England and Wales
Chronological subdivision 1543-
690 ## - LOCAL SUBJECT ADDED ENTRY--TOPICAL TERM (OCLC, RLIN)
Topical term or geographic name as entry element PROPERTY-LANDLORD AND TENANT-TENANCIES-AGRICULTURAL TENANCIES
942 ## - ADDED ENTRY ELEMENTS (KOHA)
Suppress in OPAC 0
Holdings
Withdrawn status Lost status Source of classification or shelving scheme Damaged status Not for loan Home library Current library Shelving location Date acquired Total Checkouts Full call number Barcode Date last seen Copy number Price effective from Koha item type
    Dewey Decimal Classification     London London Journal article 16/12/2008   L146216 146216-1001 06/08/2019 1 06/08/2019 Journal article